000 01174cam a2200325 a 4500
001 9650972
003 OSt
005 20150408114103.0
006 m d
007 cr n
008 100817s2011 nyua sb 001 0 eng d
020 _a9780199577774
020 _a9780199577781 (pbk.)
035 _a(WaSeSS)ssj0000508769
040 _aDLC
_cDLC
_dWaSeSS
050 4 _aP121
_b.T76 2011
082 _222
_a001.2076
_bTRE
100 1 _aTruswell, Robert.
_918305
210 1 0 _aEvents, phrases, and questions
245 1 0 _aEvents, phrases, and questions
_h[electronic resource] /
_cRobert Truswell.
260 _aOxford ;
_aNew York, NY :
_bOxford University Press,
_cc2011.
490 0 _aOxford studies in Theoretical Linguistics;
_v33
504 _aIncludes bibliographical references (p. [246]-255) and indexes.
506 _aLicense restrictions may limit access.
650 0 _aLinguistics.
773 0 _tOxford Scholarship Online Linguistics
856 4 0 _uhttp://www.columbia.edu/cgi-bin/cul/resolve?clio9650972
_zFull text available from Oxford Scholarship Online Linguistics
910 _aLibrary of Congress record
942 _2ddc
_cDVD
999 _c26429
_d260929